<?xml version="1.0" encoding="UTF-8"?>
<record
    xmlns:xsi="http://www.w3.org/2001/XMLSchema-instance"
    xsi:schemaLocation="http://www.loc.gov/MARC21/slim http://www.loc.gov/standards/marcxml/schema/MARC21slim.xsd"
    xmlns="http://www.loc.gov/MARC21/slim">

  <leader>00368nam a2200133Ia 4500</leader>
  <controlfield tag="001">10926</controlfield>
  <controlfield tag="003">GE_BSU</controlfield>
  <controlfield tag="008">181216s||||||||xx |||||||||||||| ||und||</controlfield>
  <datafield tag="040" ind1=" " ind2=" ">
    <subfield code="c">GE_BSU</subfield>
  </datafield>
  <datafield tag="245" ind1=" " ind2=" ">
    <subfield code="a">&#x42D;&#x43D;&#x446;&#x438;&#x43A;&#x43B;&#x43E;&#x43F;&#x435;&#x434;&#x438;&#x447;&#x435;&#x441;&#x43A;&#x438;&#x439; &#x441;&#x43B;&#x43E;&#x432;&#x430;&#x440;&#x44C;</subfield>
  </datafield>
  <datafield tag="245" ind1=" " ind2=" ">
    <subfield code="b">&#x422;.4&#x430;=:&#x411;&#x43E;&#x441;&#x44C;-&#x411;&#x443;&#x43D;&#x447;&#x443;&#x43A;&#x44C;.</subfield>
  </datafield>
  <datafield tag="653" ind1=" " ind2=" ">
    <subfield code="a">&#x42D;&#x43D;&#x446;&#x438;&#x43A;&#x43B;&#x43E;&#x43F;&#x435;&#x434;&#x438;&#x447;&#x435;&#x441;&#x43A;&#x438;&#x439; &#x441;&#x43B;&#x43E;&#x432;&#x430;&#x440;&#x44C;</subfield>
  </datafield>
  <datafield tag="942" ind1=" " ind2=" ">
    <subfield code="c">BK</subfield>
  </datafield>
  <datafield tag="999" ind1=" " ind2=" ">
    <subfield code="c">44168</subfield>
    <subfield code="d">44168</subfield>
  </datafield>
</record>
